Politika dobrých úmyslů
Guardado en:
| Autor principal: | |
|---|---|
| Otros Autores: | |
| Formato: | Libro |
| Lenguaje: | checo |
| Publicado: |
Brno
Barrister & Principal
2002
|
| Colección: | Holandská zkušenost
|
| Materias: | |
| Etiquetas: |
Sin Etiquetas, Sea el primero en etiquetar este registro!
|
MARC
| LEADER | 00000nam$a2200000$$$4500 | ||
|---|---|---|---|
| 001 | 0023179 | ||
| 005 | 20221129101136.4 | ||
| 020 | |a 80-85947-78-1 | ||
| 041 | 0 | |a cze | |
| 044 | |a CZ | ||
| 245 | 1 | 0 | |a Politika dobrých úmyslů |c Hans Achterhuis ; přeložila Olga Krijtová |
| 264 | 1 | |a Brno |b Barrister & Principal |c 2002 | |
| 300 | |a 119 s. | ||
| 490 | 1 | |a Holandská zkušenost | |
| 830 | 0 | |a Holandská zkušenost | |
| 610 | 2 | 0 | |a politika |
| 610 | 2 | 0 | |a morálka |
| 610 | 2 | 0 | |a vojny |
| 610 | 2 | 0 | |a história |
| 610 | 2 | 0 | |a filozofia |
| 100 | 1 | |a Achterhuis, Hans | |
| 700 | 1 | |a Krijtová, Olga | |